| 000 | 00580nam a2200205Ia 4500 | ||
|---|---|---|---|
| 005 | 20250508162104.0 | ||
| 008 | 008 250505s9999 xx 000 0 eng d | ||
| 037 | _aTextual | ||
| 040 |
_aFEDL _beng _cFEDL |
||
| 041 |
_aeng _2eng |
||
| 084 |
_a301, URR _qFEDL |
||
| 100 | _aUrry John | ||
| 245 | 0 | _aReference groups and the theory of revolution | |
| 260 |
_aLondon, UK _bRoutledge and Kegan Paul _c1973 |
||
| 300 | _axii,244p | ||
| 490 | _aInternational library of sociology | ||
| 650 | _aSociology | ||
| 942 |
_cTEXL _h301, URR |
||
| 999 |
_c1374312 _d1374312 |
||